Polscy Medaliści Igrzysk Olimpijskich w Wioślarstwie - Statystyki

Ogólne statystyki
  • Ten quiz został rozwiązany 14 razy
  • Średni wynik to 17 z 60
Statystyki odpowiedzi
Wskazówka Odpowiedź % Poprawnych
2008 Pekin Adam Korol
63%
2024 Paryż Dominik Czaja
63%
2020 Tokio Katarzyna Zillmann
63%
2000 Sydney Robert Sycz
63%
2004 Ateny Robert Sycz
63%
2016 Rio de Janeiro Agnieszka Kobus
50%
2020 Tokio Agnieszka Kobus-Zawojska
50%
2016 Rio de Janeiro Maria Springwald
50%
2020 Tokio Marta WIeliczko
50%
2024 Paryż Mateusz Biskup
50%
2008 Pekin Paweł Rańda
50%
2000 Sydney Tomasz Kucharski
50%
2004 Ateny Tomasz Kucharski
50%
2024 Paryż Fabian Barański
38%
1928 Amsterdam Franciszek Bronikowski
38%
1936 Berlin Jerzy Ustupski
38%
1992 Barcelona Kajetan Broniewski
38%
2012 Londyn Magdalena Fularczyk
38%
2016 Rio de Janeiro Magdalena Fularczyk-Kozłowska
38%
2020 Tokio Maria Sajdak
38%
2008 Pekin Michał Jeliński
38%
2024 Paryż Mirosław Ziętarski
38%
2016 Rio de Janeiro Monika Ciaciuch
38%
2016 Rio de Janeiro Natalia Madaj
38%
1936 Berlin Roger Verey
38%
2008 Pekin Bartłomiej Pawełczak
25%
1932 Los Angeles Edward Kobyliński
25%
1932 Los Angeles Janusz Ślązak
25%
1932 Los Angeles Janusz Ślązak
25%
1932 Los Angeles Jerzy Skolimowski
25%
1932 Los Angeles Jerzy Skolimowski
25%
2016 Rio de Janeiro Joanna Leszczyńska
25%
2012 Londyn Julia Michalska
25%
2008 Pekin Konrad Wasielewski
25%
2008 Pekin Łukasz Pawłowski
25%
2008 Pekin Marek Kolbowicz
25%
2008 Pekin Miłosz Bernatajtys
25%
1932 Los Angeles Stanisław Urban
25%
1952 Helsinki Teodor Kocerka
25%
1960 Rzym Teodor Kocerka
25%
1992 Barcelona Wojciech Jankowski
25%
1928 Amsterdam Bernard Ormanowski
13%
1928 Amsterdam Bolesław Drewek
13%
1980 Moskwa Czesław Kościańska
13%
1928 Amsterdam Edmund Jankowski
13%
1932 Los Angeles Henryk Budziński
13%
1992 Barcelona Jacek Streich
13%
1932 Los Angeles Jan Mikołajczak
13%
1932 Los Angeles Jerzy Braun
13%
1932 Los Angeles Jerzy Braun
13%
1928 Amsterdam Leon Birkholz
13%
1980 Moskwa Małgorzata Dłużewska
13%
1992 Barcelona Tomasz Tomiak
13%
1980 Moskwa Adam Tomasiak
0%
1980 Moskwa Grzegorz Nowak
0%
1980 Moskwa Grzegorz Stellak
0%
1992 Barcelona Maciej Łasicki
0%
1992 Barcelona Michał Cieślak
0%
1980 Moskwa Ryszard Kubiak
0%
1980 Moskwa Ryszard Stadniuk
0%
Nie znaleziono quizów pasujących do podanych kryteriów
Rozkład punktacji
Procent ludzi z każdym wynikiem
Percentyl według liczby udzielonych odpowiedzi
Twoja historia wyników
Nie rozwiązałeś tego quizu